000 00913nam a2200277 a 4500
001 000011098
003 DO-SdBNP
005 20240412074223.0
007 ta
008 091014s1998 dr a 000 p spa d
040 _aDO-SdBNP
_bspa
_cBNPHU
049 _aBNPD
082 4 _aRD861.44
_bS232p
_222
100 1 _aSantana, Alejandro
_d1960-
_926597
245 1 0 _aPalabra presente /
_cAlejandro Santana; presentación Roberto Saladín Selin.
260 _aSanto Domingo :
_bBanreservas,
_c1998.
300 _a154 p. :
_bil. ;
_c23 cm.
490 1 _aBanreservas (literatura)
_v5
500 _aIncluye datos biográficos del autor en la solapas del documento
586 _aPremio Nacional de Poesía Pedro Henríquez Ureña
590 _aInventariado, 2022/BT
650 4 _aPoesía dominicana
_966
650 0 _aLiteratura dominicana.
_967
830 0 _aBanreservas (literatura)
_v5
_926598
942 _2ddc
_cLBS1
999 _c10823
_d10823